[Event "MrDodgy Invitational 2"]
[Site "chess24.com INT"]
[Date "2021.05.14"]
[Round "2.11"]
[Board "3"]
[White "Vidit, Santosh Gujrathi"]
[Black "Howell, David W L"]
[Result "0-1"]
[WhiteTitle "GM"]
[BlackTitle "GM"]
[WhiteElo "2726"]
[BlackElo "2658"]
[WhiteFideId "5029465"]
[BlackFideId "410608"]
[EventDate "2021.05.12"]
[EventType "k.o."]

1. d4 d5 2. c4 c6 3. cxd5 cxd5 4. Bf4 Nc6 5. e3 Nf6 6. Nc3 Bg4 7. Qb3 Na5 8.
Qa4+ Bd7 9. Qc2 e6 10. Bd3 Be7 11. Nf3 Nc6 12. Qe2 Nh5 13. Be5 f6 14. Bg3 f5 15.
O-O O-O 16. Rac1 Rc8 17. Be5 Nf6 18. Bf4 Nh5 19. Be5 Nf6 20. Bf4 Ne4 21. Ne5 g5
22. Nxc6 Bxc6 23. Be5 Nd6 24. Nb5 Bxb5 25. Bxb5 Nf7 26. Bg3 Bd6 27. Bxd6 Nxd6
28. Bd3 Kg7 29. Rc2 Rxc2 30. Qxc2 Qa5 31. a3 Rc8 32. Qe2 h6 33. g4 Qc7 34. Qf3
Qf7 35. gxf5 exf5 36. Qg3 Qf6 37. Qe5 Qxe5 38. dxe5 Ne4 39. f3 Nd2 40. Rf2 Nc4
41. Rc2 Rc6 42. Bxc4 dxc4 43. Kf2 Kf7 44. f4 Ke6 45. Rd2 Rb6 46. Kf3 a5 47. Rd4
Rxb2 48. Rxc4 Rxh2 49. Rc5 Rh3+ 50. Ke2 gxf4 51. exf4 Rxa3 52. Rb5 h5 53. Rxb7
h4 54. Kf2 Ra2+ 55. Kg1 a4 56. Rb6+ Kd5 57. Ra6 a3 58. e6 Re2 59. Rxa3 Kxe6 60.
Rh3 Kd5 61. Rxh4 Ke4 62. Kf1 Ra2 63. Rh8 Kf3 64. Rb8 Ra1+ 0-1

[Event "MrDodgy Invitational 2"]
[Site "chess24.com INT"]
[Date "2021.05.14"]
[Round "2.12"]
[Board "3"]
[White "Howell, David W L"]
[Black "Vidit, Santosh Gujrathi"]
[Result "0-1"]
[WhiteTitle "GM"]
[BlackTitle "GM"]
[WhiteElo "2658"]
[BlackElo "2726"]
[WhiteFideId "410608"]
[BlackFideId "5029465"]
[EventDate "2021.05.12"]
[EventType "k.o."]

1. e4 c5 2. Nf3 e6 3. c3 d5 4. exd5 Qxd5 5. d4 Nf6 6. Be3 cxd4 7. cxd4 Qa5+ 8.
Nc3 Bb4 9. Qb3 O-O 10. a3 Bxc3+ 11. bxc3 b6 12. Be2 Ba6 13. Qb4 Qxb4 14. axb4
Bxe2 15. Kxe2 b5 16. Ra5 Nd5 17. Bd2 a6 18. Rha1 Nb6 19. Bf4 Nd5 20. Bd2 Nb6 21.
Kd3 Rc8 22. Bf4 Nd5 23. Bd2 Nb6 24. R5a3 Nd5 25. Ng5 Rc6 26. Ne4 Nd7 27. Ra5 Rb6
28. Nc5 Nb8 29. g4 f6 30. f3 Kf7 31. h4 e5 32. dxe5 fxe5 33. R5a3 Rf6 34. Ke4
Nb6 35. Bg5 Rd6 36. Ra5 h6 37. Be3 Nd5 38. Bd2 Nb6 39. Be1 Rd8 40. Ke3 Nc4+ 41.
Ke2 Nxa5 42. Rxa5 Nc6 43. Ra2 a5 44. Nb7 Rd7 45. Nxa5 Rda7 46. Rb2 Nxa5 47. bxa5
Rxa5 48. Ke3 Ke6 49. Bg3 Kd5 50. Rd2+ Ke6 51. Rb2 Rc8 52. Kd3 Rc4 53. Rb3 Kd5
54. h5 e4+ 55. fxe4+ Rxe4 56. Bf2 Rxg4 57. Bd4 Rg3+ 58. Kd2 Ra2+ 59. Ke1 Rh3 60.
Rxb5+ Kc4 0-1

[Event "MrDodgy Invitational 2"]
[Site "chess24.com INT"]
[Date "2021.05.14"]
[Round "2.1"]
[Board "4"]
[White "Navara, David"]
[Black "Jobava, Baadur"]
[Result "1/2-1/2"]
[WhiteTitle "GM"]
[BlackTitle "GM"]
[WhiteElo "2697"]
[BlackElo "2603"]
[WhiteFideId "309095"]
[BlackFideId "13601520"]
[EventDate "2021.05.12"]
[EventType "k.o."]

1. e4 e5 2. Nf3 Nf6 3. Nxe5 d6 4. Nf3 Nxe4 5. d4 d5 6. Bd3 Bd6 7. O-O O-O 8. c4
c6 9. Nc3 Nxc3 10. bxc3 h6 11. c5 Bc7 12. Re1 Nd7 13. Rb1 Re8 14. Bd2 Rxe1+ 15.
Qxe1 Nf6 16. Ne5 Rb8 17. Bf4 Be6 18. h3 Qe8 19. Qe3 b6 20. Bxh6 gxh6 21. Qxh6
Ne4 22. f3 Bxe5 23. dxe5 bxc5 24. fxe4 Rxb1+ 25. Bxb1 Qb8 26. Bc2 Qxe5 27. exd5
Qe1+ 28. Kh2 Qe5+ 29. Kh1 Qe1+ 30. Kh2 Qe5+ 31. Kh1 Qe1+ 32. Kh2 1/2-1/2

[Event "MrDodgy Invitational 2"]
[Site "chess24.com INT"]
[Date "2021.05.14"]
[Round "2.2"]
[Board "4"]
[White "Jobava, Baadur"]
[Black "Navara, David"]
[Result "0-1"]
[WhiteTitle "GM"]
[BlackTitle "GM"]
[WhiteElo "2603"]
[BlackElo "2697"]
[WhiteFideId "13601520"]
[BlackFideId "309095"]
[EventDate "2021.05.12"]
[EventType "k.o."]

1. d4 Nf6 2. c4 e6 3. Nf3 d5 4. Nc3 Bb4 5. cxd5 exd5 6. Bg5 h6 7. Bxf6 Qxf6 8.
Qa4+ Nc6 9. e3 O-O 10. Be2 Be6 11. O-O a6 12. Rfc1 Bd6 13. Qd1 Ne7 14. Rab1 g5
15. b4 g4 16. Ne1 h5 17. Nd3 b6 18. a4 Kg7 19. a5 b5 20. Nc5 Bxc5 21. dxc5 Rad8
22. Qe1 Nc6 23. Bf1 d4 24. exd4 Rxd4 25. Qe3 Rfd8 26. Re1 Nxb4 27. Ne4 Qe5 28.
f4 gxf3 29. Qxf3 Nc2 30. Rec1 Qxe4 31. Qxe4 Rxe4 32. Rxc2 Ra4 33. c6 Rxa5 34.
Rc5 Rd5 35. Rbc1 Rxc5 36. Rxc5 Ra1 37. Kf2 b4 0-1

[Event "MrDodgy Invitational 2"]
[Site "chess24.com INT"]
[Date "2021.05.14"]
[Round "2.3"]
[Board "4"]
[White "Navara, David"]
[Black "Jobava, Baadur"]
[Result "1-0"]
[WhiteTitle "GM"]
[BlackTitle "GM"]
[WhiteElo "2697"]
[BlackElo "2603"]
[WhiteFideId "309095"]
[BlackFideId "13601520"]
[EventDate "2021.05.12"]
[EventType "k.o."]

1. e4 c6 2. d4 d5 3. e5 Bf5 4. Nf3 e6 5. Be2 Ne7 6. Nbd2 h6 7. Nb3 Bh7 8. a4 Ng6
9. a5 Be7 10. O-O O-O 11. Be3 Re8 12. Ne1 Na6 13. Nd3 Nh4 14. f4 Bf8 15. Bf2 Rc8
16. Nbc5 Nxc5 17. Nxc5 b6 18. axb6 axb6 19. Nb7 Qd7 20. Bxh4 Qxb7 21. Ba6 Qd7
22. Bxc8 Rxc8 23. c3 c5 24. Bf2 Qb5 25. Qd2 Be4 26. Ra7 h5 27. Rfa1 Qc6 28. h3
c4 29. Bh4 Re8 30. Qd1 Bg6 31. Qa4 b5 32. Qa6 Qxa6 33. R1xa6 1-0

[Event "MrDodgy Invitational 2"]
[Site "chess24.com INT"]
[Date "2021.05.14"]
[Round "2.4"]
[Board "4"]
[White "Jobava, Baadur"]
[Black "Navara, David"]
[Result "1-0"]
[WhiteTitle "GM"]
[BlackTitle "GM"]
[WhiteElo "2603"]
[BlackElo "2697"]
[WhiteFideId "13601520"]
[BlackFideId "309095"]
[EventDate "2021.05.12"]
[EventType "k.o."]

1. e4 e5 2. Nf3 Nc6 3. Bc4 Bc5 4. c3 Nf6 5. b4 Bb6 6. d3 d6 7. a4 a5 8. b5 Ne7
9. O-O O-O 10. Nbd2 d5 11. Ba2 Ng6 12. Ba3 Re8 13. Qc2 Nf4 14. Rae1 dxe4 15.
dxe4 Bg4 16. c4 Qd3 17. Qb2 Bxf3 18. Nxf3 Nh3+ 19. gxh3 Qxf3 20. c5 Qxh3 21. Re3
Qh4 22. Qb3 Re6 23. cxb6 Nxe4 24. bxc7 Rh6 25. Qxf7+ Kh8 26. h3 Rg6+ 27. Kh2 Qg5
28. Qf3 Nd2 29. Qh1 Qf4+ 30. Rg3 Nxf1+ 31. Qxf1 Rxg3 32. Bc1 Qf3 33. Be6 h5 34.
c8=Q+ Rxc8 35. Bxc8 Kh7 36. Bxb7 Qxb7 37. fxg3 Qc7 38. Qd3+ 1-0

[Event "MrDodgy Invitational 2"]
[Site "chess24.com INT"]
[Date "2021.05.14"]
[Round "2.5"]
[Board "4"]
[White "Navara, David"]
[Black "Jobava, Baadur"]
[Result "1-0"]
[WhiteTitle "GM"]
[BlackTitle "GM"]
[WhiteElo "2697"]
[BlackElo "2603"]
[WhiteFideId "309095"]
[BlackFideId "13601520"]
[EventDate "2021.05.12"]
[EventType "k.o."]

1. e4 e5 2. Nf3 Nf6 3. Nxe5 d6 4. Nf3 Nxe4 5. d4 d5 6. Bd3 Bd6 7. O-O O-O 8. c4
c6 9. Re1 Re8 10. Nc3 Nxc3 11. bxc3 Rxe1+ 12. Qxe1 Nd7 13. Bg5 Qf8 14. c5 Bc7
15. Be7 Qe8 16. Bd6 Qxe1+ 17. Rxe1 Bxd6 18. cxd6 Nf6 19. Re7 Rb8 20. Ne5 Be6 21.
f4 g6 22. g4 Nxg4 23. Rxe6 fxe6 24. Nxg4 Rd8 25. d7 Kf7 26. Ne5+ Ke7 27. Kf2 Rf8
28. Kg3 Kd6 29. d8=Q+ 1-0

[Event "MrDodgy Invitational 2"]
[Site "chess24.com INT"]
[Date "2021.05.14"]
[Round "2.6"]
[Board "4"]
[White "Jobava, Baadur"]
[Black "Navara, David"]
[Result "1-0"]
[WhiteTitle "GM"]
[BlackTitle "GM"]
[WhiteElo "2603"]
[BlackElo "2697"]
[WhiteFideId "13601520"]
[BlackFideId "309095"]
[EventDate "2021.05.12"]
[EventType "k.o."]

1. e4 e5 2. Nf3 Nc6 3. c3 Nf6 4. d3 d5 5. Qc2 a5 6. a4 Bc5 7. Be2 O-O 8. O-O h6
9. h3 Re8 10. Re1 b6 11. Na3 Bb7 12. Nb5 Na7 13. Bf1 Nxb5 14. axb5 Qd7 15. d4
exd4 16. e5 d3 17. Bxd3 Ne4 18. Be3 a4 19. Rxa4 Bxe3 20. Rxe3 Rxa4 21. Qxa4 Nc5
22. Qd4 Ra8 23. Be2 Ne6 24. Qd2 Rd8 25. Nd4 Nc5 26. Bg4 Qe7 27. e6 Ne4 28. Qe2
Bc8 29. Nc6 1-0

[Event "MrDodgy Invitational 2"]
[Site "chess24.com INT"]
[Date "2021.05.14"]
[Round "2.7"]
[Board "4"]
[White "Navara, David"]
[Black "Jobava, Baadur"]
[Result "0-1"]
[WhiteTitle "GM"]
[BlackTitle "GM"]
[WhiteElo "2697"]
[BlackElo "2603"]
[WhiteFideId "309095"]
[BlackFideId "13601520"]
[EventDate "2021.05.12"]
[EventType "k.o."]

1. e4 e5 2. Nf3 Nf6 3. Nxe5 d6 4. Nf3 Nxe4 5. d4 d5 6. Bd3 Bd6 7. O-O O-O 8. c4
c6 9. Nc3 Nxc3 10. bxc3 h6 11. c5 Bc7 12. Re1 Nd7 13. Rb1 Re8 14. h3 b6 15. Be3
Nf6 16. Ne5 bxc5 17. Nxc6 Qd6 18. Ne5 c4 19. Bc2 Ne4 20. Qf3 Be6 21. Bf4 Qa6 22.
Bxe4 dxe4 23. Qxe4 Rad8 24. Nc6 Bd5 25. Ne7+ Kh8 26. Qe3 Bxf4 27. Qxf4 Rxe7 28.
Rxe7 Qg6 29. f3 Qxb1+ 30. Kh2 Qb6 31. Qe5 a5 32. a4 Kg8 33. h4 Be6 34. Rc7 Qd6
35. Qxd6 Rxd6 36. Rc5 Kf8 37. Rxa5 Ke7 38. Rc5 Ra6 39. d5 Bd7 40. Rxc4 Rxa4 41.
Rc7 Rxh4+ 42. Kg3 Ra4 0-1

[Event "MrDodgy Invitational 2"]
[Site "chess24.com INT"]
[Date "2021.05.14"]
[Round "2.8"]
[Board "4"]
[White "Jobava, Baadur"]
[Black "Navara, David"]
[Result "1-0"]
[WhiteTitle "GM"]
[BlackTitle "GM"]
[WhiteElo "2603"]
[BlackElo "2697"]
[WhiteFideId "13601520"]
[BlackFideId "309095"]
[EventDate "2021.05.12"]
[EventType "k.o."]

1. e4 c5 2. c3 d5 3. exd5 Qxd5 4. d4 Nf6 5. Nf3 e6 6. Na3 Nc6 7. Nb5 Qd8 8. dxc5
Bxc5 9. Qxd8+ Kxd8 10. Bf4 Nd5 11. O-O-O Ke7 12. Bg3 a6 13. Rxd5 exd5 14. Nc7
Be6 15. Nxa8 Rxa8 16. a3 d4 17. b4 Bd6 18. c4 a5 19. b5 Bxa3+ 20. Kc2 Nb4+ 21.
Kb3 d3 22. Kxa3 Bxc4 23. b6 Nc2+ 24. Kb2 a4 25. Kc3 Rc8 26. Bc7 a3 27. Kxc4 a2
28. Bxd3 a1=Q 29. Rxa1 Nxa1 30. Be4 Ra8 31. Bxb7 Ra2 32. Be4 1-0

[Event "MrDodgy Invitational 2"]
[Site "chess24.com INT"]
[Date "2021.05.14"]
[Round "2.9"]
[Board "4"]
[White "Navara, David"]
[Black "Jobava, Baadur"]
[Result "0-1"]
[WhiteTitle "GM"]
[BlackTitle "GM"]
[WhiteElo "2697"]
[BlackElo "2603"]
[WhiteFideId "309095"]
[BlackFideId "13601520"]
[EventDate "2021.05.12"]
[EventType "k.o."]

1. e4 e5 2. Nf3 Nf6 3. d4 Nxe4 4. dxe5 d5 5. Nbd2 Nxd2 6. Qxd2 Be7 7. Qf4 c5 8.
Qg3 g6 9. h4 h6 10. Bb5+ Nc6 11. O-O Be6 12. c3 Qc7 13. b4 b6 14. bxc5 bxc5 15.
Be3 Kf8 16. Rae1 Rb8 17. a4 Rd8 18. Rd1 Rc8 19. Bc1 Qa5 20. h5 g5 21. Nh2 a6 22.
Bxc6 Rxc6 23. Ng4 Qxa4 24. f4 gxf4 25. Bxf4 Bg5 26. Rb1 Rc7 27. Rb8+ Rc8 28.
Rxc8+ Bxc8 29. e6 Bxe6 30. Bxg5 hxg5 31. Qd6+ Kg8 32. Qd8+ Kh7 33. Nf6+ Kg7 34.
h6+ Kg6 35. Qxh8 Qf4 36. Rxf4 gxf4 37. Qg7+ Kf5 38. h7 d4 39. h8=Q dxc3 40.
Qhh7+ Ke5 41. Qe4+ Kd6 42. Qf8+ Kc7 43. Qe7+ Kb6 44. Qd8+ Kb5 45. Qb8+ Ka5 46.
Qc7+ Kb5 47. Qcb7+ Ka5 48. Qec6 c2 0-1

[Event "MrDodgy Invitational 2"]
[Site "chess24.com INT"]
[Date "2021.05.14"]
[Round "2.10"]
[Board "4"]
[White "Jobava, Baadur"]
[Black "Navara, David"]
[Result "1-0"]
[WhiteTitle "GM"]
[BlackTitle "GM"]
[WhiteElo "2603"]
[BlackElo "2697"]
[WhiteFideId "13601520"]
[BlackFideId "309095"]
[EventDate "2021.05.12"]
[EventType "k.o."]

1. d4 Nf6 2. Nc3 d5 3. Bf4 c5 4. e3 cxd4 5. exd4 Bg4 6. f3 Bd7 7. Bd3 Nc6 8.
Nge2 Nb4 9. a3 Nxd3+ 10. Qxd3 e6 11. O-O-O Qa5 12. Kb1 b5 13. g4 b4 14. axb4
Bxb4 15. h4 O-O 16. h5 Ne8 17. g5 Nd6 18. g6 Nc4 19. h6 fxg6 20. hxg7 Rxf4 21.
Rxh7 Rf6 22. Rh8+ Kxg7 23. Rxa8 Nxb2 24. Kxb2 Ba3+ 25. Ka1 e5 26. Na2 Rb6 27.
Rb1 Bf5 28. Qc3 Rxb1+ 29. Kxb1 Qb5+ 30. Ka1 Qxe2 31. Qxa3 Qxc2 32. Qf8+ 1-0

[Event "MrDodgy Invitational 2"]
[Site "chess24.com INT"]
[Date "2021.05.15"]
[Round "3.1"]
[Board "1"]
[White "Giri, Anish"]
[Black "Dubov, Daniil"]
[Result "1-0"]
[WhiteTitle "GM"]
[BlackTitle "GM"]
[WhiteElo "2780"]
[BlackElo "2710"]
[WhiteFideId "24116068"]
[BlackFideId "24126055"]
[EventDate "2021.05.12"]
[EventType "k.o."]

1. e4 e5 2. Nf3 Nc6 3. Bb5 a6 4. Ba4 Nf6 5. Nc3 Bc5 6. O-O b5 7. Bb3 d6 8. a4 b4
9. Nd5 Rb8 10. d3 h6 11. a5 O-O 12. h3 Nxd5 13. Bxd5 Ne7 14. Bb3 Ng6 15. c3 bxc3
16. bxc3 Qf6 17. Bc4 Nf4 18. Kh2 g5 19. Ng1 g4 20. g3 Nxh3 21. Nxh3 gxh3 22. f4
exf4 23. Rxf4 Qxc3 24. Ra2 Be6 25. Bxe6 fxe6 26. Kxh3 Rxf4 27. gxf4 Kh7 28. Rg2
Rg8 29. Bb2 Qb4 30. Qh5 1-0

[Event "MrDodgy Invitational 2"]
[Site "chess24.com INT"]
[Date "2021.05.15"]
[Round "3.2"]
[Board "1"]
[White "Dubov, Daniil"]
[Black "Giri, Anish"]
[Result "1-0"]
[WhiteTitle "GM"]
[BlackTitle "GM"]
[WhiteElo "2710"]
[BlackElo "2780"]
[WhiteFideId "24126055"]
[BlackFideId "24116068"]
[EventDate "2021.05.12"]
[EventType "k.o."]

1. e4 c5 2. Nf3 d6 3. d4 cxd4 4. Nxd4 Nf6 5. Nc3 a6 6. a4 e5 7. Nf3 Be7 8. g3
O-O 9. Bg2 Nc6 10. O-O Bd7 11. Nh4 Nd4 12. Be3 Ng4 13. Bxd4 Bxh4 14. gxh4 Qxh4
15. h3 exd4 16. Qxd4 Nf6 17. Qxd6 Bxh3 18. Qh2 Rad8 19. Qxh3 Qxh3 20. Bxh3 Rd2
21. Rac1 Re8 22. Rfd1 1-0

[Event "MrDodgy Invitational 2"]
[Site "chess24.com INT"]
[Date "2021.05.15"]
[Round "3.3"]
[Board "1"]
[White "Giri, Anish"]
[Black "Dubov, Daniil"]
[Result "0-1"]
[WhiteTitle "GM"]
[BlackTitle "GM"]
[WhiteElo "2780"]
[BlackElo "2710"]
[WhiteFideId "24116068"]
[BlackFideId "24126055"]
[EventDate "2021.05.12"]
[EventType "k.o."]

1. d4 Nf6 2. c4 e6 3. Nf3 d5 4. g3 c5 5. Bg2 cxd4 6. O-O Bc5 7. Nxd4 Nc6 8. Nxc6
bxc6 9. Qc2 Be7 10. b3 O-O 11. Bb2 Rb8 12. Rd1 Qa5 13. Nd2 Bb7 14. e4 Rbc8 15.
Bc3 Qb6 16. e5 Nd7 17. Bb2 Rfd8 18. h4 h6 19. Rab1 Nf8 20. Nf1 d4 21. Qe4 Rd7
22. Qg4 c5 23. Nd2 Bxg2 24. Kxg2 Qc6+ 25. Kh2 a5 26. a4 Rb8 27. Re1 Rdb7 28. Ba3
Nd7 29. f4 Kh8 30. Qh5 Kg8 31. Qg4 Kh8 32. Qe2 Nf8 33. h5 Nd7 34. Qd3 f5 35.
exf6 Nxf6 36. Qe2 Bd6 37. Qxe6 Re7 38. Qh3 Rbe8 39. Rxe7 Rxe7 40. Rd1 Re2+ 41.
Kg1 Ng4 42. Nf1 Qe4 43. Bc1 d3 44. Rxd3 Qxd3 45. Qxg4 Re1 0-1

[Event "MrDodgy Invitational 2"]
[Site "chess24.com INT"]
[Date "2021.05.15"]
[Round "3.4"]
[Board "1"]
[White "Dubov, Daniil"]
[Black "Giri, Anish"]
[Result "0-1"]
[WhiteTitle "GM"]
[BlackTitle "GM"]
[WhiteElo "2710"]
[BlackElo "2780"]
[WhiteFideId "24126055"]
[BlackFideId "24116068"]
[EventDate "2021.05.12"]
[EventType "k.o."]

1. e4 c5 2. Nf3 d6 3. d4 cxd4 4. Nxd4 Nf6 5. Nc3 a6 6. a4 e5 7. Nf3 Be7 8. g3
O-O 9. Bg2 Be6 10. O-O Nbd7 11. Ng5 Bc4 12. Re1 Rc8 13. a5 Re8 14. Be3 Qc7 15.
h3 Bf8 16. Kh2 Qc6 17. Qd2 Nc5 18. Nd5 Bxd5 19. exd5 Qc7 20. Qe2 Ncd7 21. c3 h6
22. Ne4 Nxd5 23. Red1 Nxe3 24. Qxe3 Nc5 25. Rd5 Nxe4 26. Bxe4 g6 27. Rd2 Rb8 28.
h4 h5 29. Bd5 Kg7 30. Ra4 Be7 31. Qf3 Bf6 32. Rd1 b5 33. axb6 Rxb6 34. b4 e4 35.
Bxe4 Qxc3 36. Rd3 Qb2 37. Bd5 Re5 38. Be4 Rxb4 39. Rxd6 Rexe4 40. Raxa6 Be7 41.
Rd7 Qe2 42. Qc3+ Rbd4 43. Kg2 Qxa6 44. Rxd4 Bf6 45. Qd3 Qxd3 46. Rxd3 Rd4 47.
Re3 Rd5 48. Re2 Rf5 49. Rc2 Re5 50. f3 Re6 51. f4 Be7 52. Kf3 Bd6 53. g4 Kf6 54.
gxh5 gxh5 55. Rd2 Kg7 56. Rd5 Rf6 57. Rxh5 Rxf4+ 58. Ke3 Rf6 59. Rg5+ Rg6 60.
Rd5 Re6+ 61. Kf3 Rh6 62. Kg4 Be7 63. h5 Rd6 64. Rb5 Rc6 65. Kf5 Rc5+ 66. Rxc5
Bxc5 67. h6+ Kf8 68. Kf6 Bd4+ 69. Kf5 Bh8 70. Kg5 Ke7 71. Kf5 Kd6 72. Kg5 Ke6
73. h7 Ke5 74. Kh6 Kf6 75. Kh5 Kg7 0-1

[Event "MrDodgy Invitational 2"]
[Site "chess24.com INT"]
[Date "2021.05.15"]
[Round "3.5"]
[Board "1"]
[White "Giri, Anish"]
[Black "Dubov, Daniil"]
[Result "1/2-1/2"]
[WhiteTitle "GM"]
[BlackTitle "GM"]
[WhiteElo "2780"]
[BlackElo "2710"]
[WhiteFideId "24116068"]
[BlackFideId "24126055"]
[EventDate "2021.05.12"]
[EventType "k.o."]

1. Nf3 d5 2. g3 g6 3. Bg2 Bg7 4. d4 Nf6 5. O-O O-O 6. c4 c6 7. a4 Be6 8. Nc3
dxc4 9. e4 Na6 10. h3 Nb4 11. Be3 a5 12. Qe2 Qc8 13. Kh2 Rd8 14. Ng5 Bd7 15.
Qxc4 Be8 16. Rac1 Nd7 17. Qe2 Nf8 18. d5 Qb8 19. Bb6 Rd7 20. Rfd1 h6 21. Nf3 Nh7
22. Be3 cxd5 23. exd5 Nf6 24. Bf4 Qd8 25. Ne5 Rd6 26. Nc4 Rd7 27. d6 Nc6 28. Nb5
Rc8 29. dxe7 Qxe7 30. Qxe7 Rxe7 31. Nxa5 Ra8 32. Nxc6 Bxc6 33. Bxc6 bxc6 34.
Rxc6 Rxa4 35. Nc3 Ra8 36. Bxh6 Bxh6 37. Rxf6 Rb8 38. Kg2 Rxb2 39. Rf3 Reb7 40.
Nd5 Bg7 41. h4 R2b3 42. Ne3 Kh7 43. Rd5 Kg8 44. h5 R3b5 45. Rd8+ Kh7 46. hxg6+
Kxg6 47. Rd6+ Kh7 48. Nf5 Rb3 49. Rdd3 Rxd3 50. Rxd3 Kg6 51. Rd5 Bf6 52. Ne3 Rb6
53. Ra5 Rc6 54. Ra4 Kg7 55. Rg4+ Kf8 56. Nd5 Rd6 57. Ne3 Rd4 58. Rxd4 Bxd4 59.
Nf5 Bc5 60. f3 Kg8 61. Kh3 Kh7 62. Kg4 Kg6 63. Kf4 Kf6 64. Ke4 Ke6 65. Nh6 Kf6
66. Ng4+ Ke6 67. Nh6 Bf8 68. Nf5 Bc5 69. f4 Bf2 70. g4 Bc5 71. Ng7+ Kf6 72. Ne8+
Ke7 73. Nc7 Kf6 74. Nd5+ Kg6 75. Ke5 Ba3 76. Ne3 Bb2+ 77. Ke4 Bc1 78. Nf5 Kf6
79. Nh4 Bd2 80. Nf3 Bc1 81. g5+ Kg6 82. Ne5+ Kg7 83. Kf5 Bxf4 84. Kxf4 f6 85.
gxf6+ Kxf6 1/2-1/2

[Event "MrDodgy Invitational 2"]
[Site "chess24.com INT"]
[Date "2021.05.15"]
[Round "3.6"]
[Board "1"]
[White "Dubov, Daniil"]
[Black "Giri, Anish"]
[Result "0-1"]
[WhiteTitle "GM"]
[BlackTitle "GM"]
[WhiteElo "2710"]
[BlackElo "2780"]
[WhiteFideId "24126055"]
[BlackFideId "24116068"]
[EventDate "2021.05.12"]
[EventType "k.o."]

1. d4 Nf6 2. c4 g6 3. Nc3 d5 4. cxd5 Nxd5 5. e4 Nxc3 6. bxc3 Bg7 7. Nf3 c5 8.
Bb5+ Nc6 9. Rb1 O-O 10. d5 a6 11. Bd3 Bxc3+ 12. Bd2 Bg7 13. O-O b5 14. Be3 Nd4
15. Nxd4 cxd4 16. Bg5 h6 17. Bh4 g5 18. Bg3 e5 19. dxe6 Bxe6 20. a4 Bc4 21. axb5
axb5 22. Qe2 Ra2 23. Qd1 Ra3 24. Bxc4 bxc4 25. Rb4 Rc3 26. Qa4 Qc8 27. Bd6 d3
28. Bxf8 Bxf8 29. Rb5 Ra3 30. Qd1 c3 31. Qxd3 c2 32. Qd2 Qc4 33. Rb8 Qxf1+ 34.
Kxf1 Ra1+ 35. Ke2 c1=Q 36. Rd8 Qf1+ 37. Ke3 Ra3+ 38. Kd4 Qb5 0-1

[Event "MrDodgy Invitational 2"]
[Site "chess24.com INT"]
[Date "2021.05.15"]
[Round "3.7"]
[Board "1"]
[White "Giri, Anish"]
[Black "Dubov, Daniil"]
[Result "1-0"]
[WhiteTitle "GM"]
[BlackTitle "GM"]
[WhiteElo "2780"]
[BlackElo "2710"]
[WhiteFideId "24116068"]
[BlackFideId "24126055"]
[EventDate "2021.05.12"]
[EventType "k.o."]

1. d4 Nf6 2. Nf3 d5 3. Bf4 c5 4. e3 Nc6 5. Nbd2 Bg4 6. c3 Nh5 7. dxc5 e5 8. Bg5
f6 9. Bh4 g5 10. h3 Be6 11. Nxg5 fxg5 12. Qxh5+ Bf7 13. Qxg5 Be7 14. Qg7 Rg8 15.
Bxe7 Qxe7 16. Qxh7 O-O-O 17. O-O-O Qf6 18. Bd3 Ne7 19. Bb1 e4 20. Nxe4 dxe4 21.
Qxe4 Bd5 22. Qf4 Qxf4 23. exf4 Bxg2 24. Rxd8+ Rxd8 25. Re1 Nd5 26. f5 Bxh3 27.
Rd1 Nf6 28. Rxd8+ Kxd8 29. Kd2 Nd7 30. b4 Bg2 31. Ke3 Ke7 32. f3 b6 33. cxb6
axb6 34. a4 Kd6 35. Be4 Bf1 36. Kd4 Be2 37. c4 Bd1 38. a5 bxa5 39. c5+ Kc7 40.
bxa5 Be2 41. c6 Nf6 42. Ke5 Nxe4 43. fxe4 Kxc6 44. Kf6 Kd7 45. e5 Bd3 46. e6+
Kd8 47. Kf7 Bc4 48. Kf8 Kc7 49. e7 1-0

[Event "MrDodgy Invitational 2"]
[Site "chess24.com INT"]
[Date "2021.05.15"]
[Round "3.8"]
[Board "1"]
[White "Dubov, Daniil"]
[Black "Giri, Anish"]
[Result "1-0"]
[WhiteTitle "GM"]
[BlackTitle "GM"]
[WhiteElo "2710"]
[BlackElo "2780"]
[WhiteFideId "24126055"]
[BlackFideId "24116068"]
[EventDate "2021.05.12"]
[EventType "k.o."]

1. e4 c5 2. Nf3 d6 3. d4 cxd4 4. Nxd4 Nf6 5. Nc3 a6 6. a4 g6 7. a5 Bg7 8. Be2
O-O 9. O-O Bd7 10. Be3 Nc6 11. Nb3 Be6 12. Bb6 Qd7 13. f4 Bxb3 14. cxb3 e6 15.
Kh1 Rac8 16. Qd2 Qe7 17. Bg1 Rfd8 18. Bf3 d5 19. exd5 Nb4 20. Rfe1 Qf8 21. Rac1
Nfxd5 22. Nxd5 Rxc1 23. Rxc1 Nxd5 24. g3 h5 25. Bc5 Qe8 26. b4 Qa4 27. Qc2 Qb5
28. Rd1 Rc8 29. Qd3 Qxd3 30. Rxd3 Rd8 31. Rb3 Rc8 32. Kg2 Bf8 33. Bxf8 Kxf8 34.
b5 Rc5 35. Be2 axb5 36. Rxb5 Rc7 37. Bf3 Ke7 38. Bxd5 exd5 39. Kf3 Kd6 40. Ke3
Kc6 41. Rb6+ Kc5 42. Kd3 d4 43. b4+ Kd5 44. Rb5+ Ke6 45. Kxd4 Rd7+ 46. Kc5 h4
47. g4 h3 48. Rb6+ Ke7 49. b5 Kf8 50. a6 bxa6 51. bxa6 Kg7 52. Rb2 Rd3 53. Ra2 1-0